000 00565nam a22001697a 4500
003 OSt
005 20241016135238.0
008 241016b |||||||| |||| 00| 0 eng d
040 _c0
082 _aDPer050 M72 January-March 2018 v. 66 no. 8-10
100 _aVentura, Elmer Z.
_eauthor.
_963037
245 _aTips for writing winning campus journalism news /
_cElmer Z. Ventura.
260 _aManila, Philippines ;
_bIn the Grade School, Inc,
_cFebruary 2018.
300 _aVolume 66,pages 334.
700 _aVentura, Elmer Z.
_eauthor.
_960052
942 _2ddc
_cPER
999 _c22610
_d22610